Сочинения: В 2-х т.; Т.1. Повести и рассказы 1880-1894; Письмо к ученому соседу; Радость; Смерть чиновника; Дочь Альбиона; Толстый и тонкий; Трагик; Шведская спичка; Жалобная книга; Экзамен на чин; Хирургия; Хамелеон; Налим; Лошадиная фамилия; Злоумышленник; Унтер Пришибеев; Детвора; Тоска; Переполох; Панихида; Шуточка; Агафья; Гриша; Дамы; Хористка; Пассажир 1-го класса; Нахлебники; Житейская мелочь; В суде; Необыкновенный; Ванька; Шампанское; Нищий; Враги; Верочка; Выигрышный билет; Тиф; Володя; Счастье; Драма; Отец; Холодная кровь; Беда; Каштанка; Рассказ госпожи NN; Без заглавия; Спать хочется; Степь; Огни; Неприятность; Красавицы; Именины; Пари; Княгиня; Скучная история; Бабы; Попрыгунья; В ссылке; Соседи; Палата №6; Страх; Володя большой и Володя маленький; Черный монах

Xehetasun bibliografikoak
Egile nagusia: Чехов А. П. Антон Павлович
Beste egile batzuk: Алимов С. (иллюстратор)
Hizkuntza:errusiera
Argitaratua: Москва, Художественная литература, 1982
TOC:Письмо к ученому соседу; Радость; Смерть чиновника; Дочь Альбиона; Толстый и тонкий; Трагик; Шведская спичка; Жалобная книга; Экзамен на чин; Хирургия; Хамелеон; Налим; Лошадиная фамилия; Злоумышленник; Унтер Пришибеев; Детвора; Тоска; Переполох; Панихида; Шуточка; Агафья; Гриша; Дамы; Хористка; Пассажир 1-го класса; Нахлебники; Житейская мелочь; В суде; Необыкновенный; Ванька; Шампанское; Нищий; Враги; Верочка; Выигрышный билет; Тиф; Володя; Счастье; Драма; Отец; Холодная кровь; Беда; Каштанка; Рассказ госпожи NN; Без заглавия; Спать хочется; Степь; Огни; Неприятность; Красавицы; Именины; Пари; Княгиня; Скучная история; Бабы; Попрыгунья; В ссылке; Соседи; Палата №6; Страх; Володя большой и Володя маленький; Черный монах;
Gaiak:
Formatua: Liburua
KOHA link:https://koha.lib.tpu.ru/cgi-bin/koha/opac-detail.pl?biblionumber=116984

MARC

LEADER 00000nam0a2200000 4500
001 116984
005 20241025063146.0
020 |a RU  |b 82-37814 
035 |a (RuTPU)RU\TPU\book\126594 
090 |a 116984 
100 |a 20070530g1982 m y0rusy5003 ca 
101 0 |a rus 
102 |a RU 
105 |a a z 000ay 
200 1 |a Сочинения  |e В 2-х т.  |h Т.1. Повести и рассказы 1880-1894  |f А. П. Чехов 
210 |a Москва  |c Художественная литература  |d 1982 
215 |d 27 см.  |a 448 с.  |c ил., цв. ил. 
464 |t Письмо к ученому соседу; Радость; Смерть чиновника; Дочь Альбиона; Толстый и тонкий; Трагик; Шведская спичка; Жалобная книга; Экзамен на чин; Хирургия; Хамелеон; Налим; Лошадиная фамилия; Злоумышленник; Унтер Пришибеев; Детвора; Тоска; Переполох; Панихида; Шуточка; Агафья; Гриша; Дамы; Хористка; Пассажир 1-го класса; Нахлебники; Житейская мелочь; В суде; Необыкновенный; Ванька; Шампанское; Нищий; Враги; Верочка; Выигрышный билет; Тиф; Володя; Счастье; Драма; Отец; Холодная кровь; Беда; Каштанка; Рассказ госпожи NN; Без заглавия; Спать хочется; Степь; Огни; Неприятность; Красавицы; Именины; Пари; Княгиня; Скучная история; Бабы; Попрыгунья; В ссылке; Соседи; Палата №6; Страх; Володя большой и Володя маленький; Черный монах  |o повести и рассказы 
610 1 |a русская литература 
610 1 |a повести 
610 1 |a рассказы 
675 |a Р1  |z rus 
700 1 |a Чехов  |b А. П.  |c русский писатель  |f 1860-1904  |g Антон Павлович  |7 ca  |8 rus  |2 stltpush  |3 (RuTPU)RU\TPU\pers\1035  |9 458 
702 1 |a Алимов  |b С.  |4 440 
801 0 |a RU  |b RuMRKP  |c 19950704  |g psbo 
801 1 |a RU  |b 63413507  |c 20070530  |g PSBO 
801 2 |a RU  |b 63413507  |c 20170111  |g PSBO 
942 |c BK